Largest Cities in Connecticut⛴ - Statistics

General Stats
  • This quiz has been taken 28 times
  • The average score is 8 of 15
Answer Stats
Population City % Correct
120k Hartford
100%
143k Bridgeport
95%
131k New Haven
95%
129k Stamford
77%
84k Danbury
59%
105k Waterbury
59%
63k West Hartford
59%
88k Norwalk
45%
50k East Hartford
41%
72k New Britain
41%
59k Bristol
36%
53k West Haven
32%
58k Meriden
27%
53k Milford
14%
52k Stratford
9%
No matching quizzes found
Score Distribution
Percent of People with Each Score
Percentile by Number Answered
Your Score History
You have not taken this quiz